| 000 | 00349pab a2200145 454500 | ||
|---|---|---|---|
| 008 | 180718b2000 xxu||||| |||| 00| 0 eng d | ||
| 100 | _aDandavate, Madhu | ||
| 245 | _aManagement of power: ethical and moral dimensions | ||
| 260 | _c2000 | ||
| 300 | _ap.5-9 | ||
| 362 | _aAnnual | ||
| 650 | _aPolitical power | ||
| 773 | _aJanata | ||
| 909 | _a44622 | ||
| 999 |
_c44622 _d44622 |
||